Harry Potter-personages met de meeste schermtijd - Statistieken

Algemene statistieken
  • Deze quiz is 1.961 keer genomen
  • De gemiddelde score is 11 van 25
Antwoordstatistieken
Minuten Personage % Correct
539:15 Harry Potter
100%
211:45 Ron Wemel
92%
205:00 Hermelien Griffel
85%
77:15 Albus Perkamentus
76%
37:15 Voldemort
72%
31:30 Draco Malfidus
68%
45:45 Rubeus Hagrid
64%
43:15 Severus Sneep
63%
30:15 Ginny Wemel
54%
20:00 George Wemel
51%
20:45 Sirius Zwart
51%
19:30 Fred Wemel
50%
28:15 Marcel Lubbermans
42%
28:45 Minerva Anderling
40%
11:15 Dobby
36%
10:30 Bellatrix van Detta
32%
15:15 Lucius Malfidus
30%
17:15 Loena Leeflang
28%
15:45 Arthur Wemel
23%
26:00 Remus Lupos
23%
16:15 Bartolomeus Krenck Jr.
16%
16:00 Dorothea Omber
14%
11:00 Herman Duffeling
10%
10:30 Gladianus Smalhart
7%
18:45 Hildebrand Slakhoorn
6%
Geen overeenkomende quizzen gevonden
Scoreverdeling
Procent van Mensen met Elke Score
Percentiel versus Aantal Correcte Antwoorden
Uw Scoregeschiedenis
U heeft deze quiz nog niet genomen